000 00514cam a22002054a 4500
005 20250605164321.0
008 250528s ||||||||||||||||||||||||d
035 _a22905
020 _a9780273651024
040 _aGR-AtMCL
_bgre
_dGR-AtMCL
_eAACR2
245 1 _aORGANIZATIONAL BEHAVIOUR AN INTRODUCTORY TEXT
250 _a4
260 _bPrentice Hall,
_c2001
300 _a916
700 1 _aBuchanan David
_91217
700 1 _aHuczynski Andrzej
_91218
942 _cBK
999 _c7949
_d7949